000 00594nam a22001937a 4500
999 _c192544
_d192544
005 20220926164036.0
010 _aB-745696
020 _a9788131725641
_c100.00
037 _bPearson
082 _a658.3125
100 _aAguinis, Herman
245 _aPerformance Management/
_cHerman Aguinis
250 _a2nd
260 _aNew Delhi
_bPearson
_c2012
270 _a11 Community Center Panchsheel Park,
_bNew Delhi
_e110017
300 _axvi, 296p.
_bill.
_c24cm.(Pb)
942 _2ddc
_cEN
_h658.3125
_mAGU